| 000 | 00389nam a2200145Ia 4500 | ||
|---|---|---|---|
| 008 | 210210b1988 xxu||||| |||| 00| 0 eng d | ||
| 082 | _a796.35865 ANSS | ||
| 100 | _aANSARI (Khalid A H). | ||
| 245 | _aSportsweek's book of the reliance cup. | ||
| 260 |
_aBombay _bMid-day publications _c1988 |
||
| 300 | _a74 | ||
| 650 | _aCricket | ||
| 690 | _aAthletic & Outdoor Sports | ||
| 906 | _a041366 | ||
| 999 |
_c90722 _d90722 |
||